| 000 | 00458nam a22001697a 4500 | ||
|---|---|---|---|
| 003 | NUST - PNEC | ||
| 005 | 20170116180752.0 | ||
| 008 | 150312b xxu||||| |||| 00| 0 eng d | ||
| 040 | _cLIBRARY | ||
| 082 | _a891.439 WAS | ||
| 100 |
_91770 _aWasif Ali Wasif |
||
| 245 |
_a Gumnaam adeeb ( Letters ) _cWasif Ali Wasif |
||
| 260 |
_aLahore : _bKashif Publications, _cc1997. |
||
| 300 |
_a272 p.: _c22 cm. |
||
| 650 |
_91773 _aUrdu Literature |
||
| 942 |
_2ddc _cBK |
||
| 999 |
_c62593 _d62593 |
||